MARC

LEADER 00000nam0a2200000 4500
001 270863
005 20231101234401.0
020 |a RU  |b 87-40187 
035 |a (RuTPU)RU\TPU\book\294044 
090 |a 270863 
100 |a 20141002d1987 km y0rusy5003 ca 
101 0 |a rus 
102 |a UA 
105 |a a g 001zy 
200 1 |a Техника безопасности при производстве санитарно-технических работ  |e справочник  |f М. Н. Нисис 
210 |a Киев  |c Будiвельник  |d 1987 
215 |a 272 с.  |c ил. 
320 |a Библиогр.: с. 265 
320 |a Предм. указ.: с. 265-270 
606 1 |a Санитарно-технические работы  |x Монтаж  |x Технический контроль  |2 stltpush  |3 (RuTPU)RU\TPU\subj\53800  |9 71965 
610 1 |a строительство 
610 1 |a охрана труда 
610 1 |a санитарно-технические системы 
610 1 |a монтаж 
610 1 |a наружные трубопроводы 
610 1 |a вспомогательные работы 
675 |a 696/697.057(035)  |v 3 
700 1 |a Нисис  |b М. Н.  |g Михаил Наумович 
801 0 |a RU  |b RuMRKP  |c 19950417  |g psbo 
801 1 |a RU  |b 63413507  |c 20141002 
801 2 |a RU  |b 63413507  |c 20161206  |g RCR 
942 |c BK